000 01118nam a22003377a 4500
003 CHAP
005 20220817044508.0
008 111031s2007 it r 00010 eng d
010 _a102481
011 _a103453
020 _a9789251058237
035 _a114142
040 _cCHAP
082 0 4 _a639.2
_bF46y v.844
110 2 _aFAO
245 1 0 _aReports of the IOC / FAO / IOTC symposium and workshop to strengthen port state measures in the Indian Ocean
_c/por FAO
260 _aRoma :
_bFAO,
_c2007
300 _avi, 69 p.
490 0 _aFAO. Informe de pesca
_v; 844
500 _aPort Louis, Mauritius, 18 - 22 June 2007.
590 _aBATCH-UPD
_b10
_c20130110
_lUCH01
_h1046
590 _aBATCH-UPD
_b10
_c20130410
_lUCH01
_h0644
590 _aBATCH-UPD
_b10
_c20130914
_lUCH01
_h1350
590 _aCONVERSION
_b10
_c20130109
_lUCH01
_h1356
650 1 4 _aPesca
_xOcéano Indico.
_987406
650 1 4 _aPolítica pesquera.
_990684
830 0 _aFAO. Informe de pesca
_v; 844
_939587
901 _aBK
942 _cLIBRO
949 _a639.2 F46y v.844
_bBC
_cFAO
_d33724002072397
_eFAO1
_gDonaciØn
_h115025
_i114142
_sb
999 _c102481
_d102481